Представление документа в формате MARC21

Поле Инд. ПП Название Значение
Тип записи a
Библиографический уровень m
001 Контрольный номер da52f0c7-d2ca-401c-9df7-bfe7470504b9
005 Дата корректировки 20140703124657.8
008 Кодируемые данные 040407
020 c Цена, тираж б/ц
040 a Служба первич. каталог. НБ ТвГУ
041 a Код языка текста rus
080 a Индекс УДК 1(470)(092)"18/19"(043.3)
a Индекс УДК 37:1(043.3)
a Индекс УДК 929Розанов
084 a Индекс другой классификации/Индекс ББК Ю3(2)61-63я031
a Индекс другой классификации/Индекс ББК Ч30в.я031
090 x Авторский знак Б24
a Полочн. индекс Ю3(2)61
100 1_ a Автор Барзукаева Рамиса Ахметовна
245 10 a Заглавие Философия образования В. В. Розанова
b Продолж. заглавия Дис. ... канд. филос. наук : 09.00.03
260 0_ a Место издания Москва
b Издательство Акад. повышения квалификации и переподготовки работников образования РФ
c Дата издания 2004
300 a Объем 148 с.
500 a Примечание На правах рукоп.
502 a Примечание о диссертации Дис. (канд.) - М. : Акад. повышения квалификации и переподготовки работников образования РФ
504 a Библиография Библиогр.: с.145-148.
583 a Действие Получение впервые 144 07.04.2004
650 a Основная рубрика Розанов, Василий Васильевич, о нем
650 a Основная рубрика Русская философия
x Основная подрубрика История
y Хронологическая подрубрика 19-20 вв.
650 a Основная рубрика Образование
x Основная подрубрика Философия
653 a Ключевые слова Розанов
a Ключевые слова Педагогика
a Ключевые слова Русская философия
a Ключевые слова Духовная культура
a Ключевые слова Философия образования
a Ключевые слова Диссертации
852 t Порядковый номер экземпляра 1
p Инвентарный номер б/н
888 a Бесплатные
930 a Новая/Ретро диссертации
952 p 144.2004 б/ц 1 б/н
c Вид литературы Дис н
954 a Дата поступления на обработку 20040426
999 a Подразделение 2 ч.з.